| 000 | 01757nam a2200229Ia 4500 | ||
|---|---|---|---|
| 003 | Ost | ||
| 005 | 20260507074956.0 | ||
| 008 | 260507s9999||||xx |||||||||||||| ||und|| | ||
| 040 | _cfsecg | ||
| 041 | _aara | ||
| 082 | _a332.1 | ||
| 100 |
_aالشمري، ناظم محمد نوري _eمؤلف |
||
| 245 | 0 |
_aالنقود والمصارف والنظرية النقدية / _c ناظم محمد نوري الشمري |
|
| 250 | _aطبعة 2(منقحة ومزيدة) | ||
| 260 |
_aعمان: _bدار زهران للنشر, _c2006 |
||
| 300 |
_a481 صفحة؛ _bإيضاحات ؛ _c25 سم |
||
| 504 | _aببليوغرافيا:ص.475-481 | ||
| 520 | _aفي النقود؛نشأة النقود ووظائفها؛النظم والقواعد النقدية،قيمة النقود وتغيرها،في المصارف،الائتمان في الانظمة الاقتصادية المختلفة،أنواع الائتمان المصرفي ووظائفه،الجهاز المصرفي،النشاط الائتماني للمصارف التجارية،المصارف المركزية والمؤسسات المالية الوسيطة،مفهوم وانواع عرض النقد ومحدداته،في السياسة والنظريات النقدية،النظرية النقدية الكلاسيكية،النظرية النقدية الكينزية،أهم الاضافات على النظريات النقدية السابقة،الطلب على النقود،اهم المشكلات الاقتصادية والنقدية المعاصرة،السياسة النقدية والنشاط الاقتصادي،السياسة المالية والسياسة النقدية | ||
| 653 | _aالسياسة المالية | ||
| 653 | _aالنقود | ||
| 942 | _cكتاب | ||
| 999 |
_c42030 _d42030 |
||